| 000 | 00922nam a22002897a 4500 | ||
|---|---|---|---|
| 003 | CHAP | ||
| 005 | 20220329141815.0 | ||
| 008 | 971013s1978 r 00010 d | ||
| 010 | _a74151 | ||
| 011 | _a75123 | ||
| 035 | _a84683 | ||
| 040 | _cCHAP | ||
| 082 |
_a972.015 _bH3 |
||
| 100 | 0 | 0 |
_aHarrison, Peter D. _eed. _952904 |
| 245 | _aPre-hispanic maya agriculture | ||
| 260 |
_aAlbuquerque, New México : _bUniversity of New México, _c1978 |
||
| 300 |
_a414 p. _b: ilus. ; mapas |
||
| 590 |
_aBATCH-UPD _b10 _c20130110 _lUCH01 _h0647 |
||
| 590 |
_aCONVERSION _b10 _c20130109 _lUCH01 _h1341 |
||
| 650 | 1 | 4 |
_aAgricultura _xHistoria. _91507 |
| 650 | 1 | 4 |
_aMayas _xAgricultura. _973210 |
| 700 | 0 |
_aTurner, B. L. II _eed. _9115644 |
|
| 901 | _aBK | ||
| 942 | _cLIBRO | ||
| 949 |
_a972.015 H3 _bBC _cLIBRO _d33724000150819 _eLIBRO _h56023 _i84683 _si |
||
| 949 |
_a972.015 H3 _bBC _cLIBRO _d33724000150827 _eLIBRO _fc.2 _h56028 _i84683 _si |
||
| 999 |
_c74151 _d74151 |
||